00636nam a2200169Ia 4500008004100000020001800041041000800059082001600067100002500083245007900108250000600187260006400193300002900257650002500286999001900311952013600330210716s2011 xx 000 0 und d a9780071067850 aeng a658.15 KHAM aKhan, M Y;Jain, P K. aFinancial management: text, problems and cases.bText, problems and cases. a6 aNew DelhibTata McGraw Hill Education Private Limitedc2011 axxi,1.26-36.45,A.10,I.10 aFinancial Management c192943d192943 001040708MCAaAIMITbAIMITeHigginbothams Pvt Ltdg595.00l0o658.15 KHAMpMCA12451r2026-05-23 00:00:00v446.25w2021-07-16yBK